Statistieken voor landskampioen

Klik hier om de quiz te nemen!

Algemene statistieken

  • Deze quiz is 54 keer genomen
  • De gemiddelde score is 5 van 7

Antwoordstatistieken

Antwoord% Correct
ajax
100%
feyenoord
96%
psv
94%
az
90%
fc twente
63%
sparta
56%
dos
21%

Scoreverdeling

Percentiel versus Aantal Correcte Antwoorden

Procent van Mensen met Elke Score

Uw Scoregeschiedenis

U heeft deze quiz nog niet genomen